[Event "TCh-RUS Blitz 2024"]
[Site "Sochi RUS"]
[Date "2024.10.17"]
[Round "9.14"]
[White "Ponkratov, P."]
[Black "Alekseev, Evgeny"]
[Result "1-0"]
[WhiteElo "2564"]
[BlackElo "2537"]
[PlyCount "69"]
[EventDate "2024.10.17"]
[EventType "blitz"]
[WhiteTeam "GBU DO MGFSO (Moskva)"]
[BlackTeam "Kuban (Krasnodarskiy kray)"]

1. Nf3 d5 2. g3 g6 3. c4 dxc4 4. Na3 Bg7 5. Nxc4 Nc6 6. Bg2 e5 7. d3 Nge7 8. O-O O-O 9. Rb1 ({RR} 9. Bd2 Nd5 10. Rc1 h6 11. a3 Be6 12. b4 a6 13. e4 Nb6 14. Na5 Qxd3 15. Nxb7 Bc4 16. Re1 Qxa3 17. Na5 Nxa5 18. bxa5 Bb3 19. Re3 Bxd1 20. Rxa3 Bxf3 21. Bxf3 Nc8 22. Rxc7 Nd6 23. Be2 Nxe4 {Carlsen,M (2853)-Nakamura,H (2787) Chess.com INT 2016 1-0 (61)}) 9... Be6 ({RR} 9... a5 10. b3 Re8 11. a3 Nf5 12. Bg5 Qd7 13. Re1 h6 14. Bd2 Ra6 15. Qc1 Kh7 16. b4 axb4 17. axb4 Ncd4 18. Nxd4 Nxd4 19. Bc3 Nb5 20. Bb2 Qe7 21. Qe3 c6 22. Qc5 Bf5 23. Ra1 Rxa1 24. Rxa1 {Ponkratov,P (2608)-Ponomariov,R (2646) Samarkand UZB 2023 ½-½ (72)}) 10. b3 Nf5 11. Ng5 $146 ({RR} 11. Bb2 Nfd4 12. e3 Nxf3+ 13. Qxf3 Qxd3 14. Rbd1 Bxc4 15. Rxd3 Bxd3 16. Qd1 Rfd8 17. Re1 a5 18. Qc1 a4 19. bxa4 Rxa4 20. a3 Rc4 21. Qa1 Bc2 22. Bxc6 Rxc6 23. Bxe5 Bf8 24. Bf6 Rd3 25. Bd4 Rxa3 {Haitin,I (2281)-Perez Gormaz,M (2400) chess.com INT 2023 0-1 (32)}) 11... Bd7 12. Ne4 b6 13. b4 a6 14. a4 a5 15. b5 Nb4 16. Bg5 f6 17. Bd2 Qe7 18. Bxb4 axb4 19. e3 Be6 20. Qb3 Rad8 21. Rfd1 Rd7 22. Qc2 Rfd8 23. a5 bxa5 24. Nxa5 Qf7 25. Rxb4 Bf8 26. Rbb1 Bd5 27. Nc6 Re8 28. Rdc1 Kg7 29. Ra1 Bb3 30. Qc3 Be6 31. Ra7 h5 32. h4 Rc8 33. Nxe5 fxe5 34. Qxe5+ Kh6 35. Ng5 1-0

[Event "TCh-RUS Blitz 2024"]
[Site "Sochi RUS"]
[Date "2024.10.17"]
[Round "11.17"]
[White "Afanasiev, Nikita"]
[Black "Kokarev, Dm"]
[Result "1-0"]
[WhiteElo "2533"]
[BlackElo "2538"]
[PlyCount "58"]
[EventDate "2024.10.17"]
[EventType "blitz"]
[WhiteTeam "Kuban (Krasnodarskiy kray)"]
[BlackTeam "Sima-Lend (Sverdlovskaya oblast)"]

1. Nf3 c5 2. g3 g6 3. Bg2 Bg7 4. O-O Nc6 5. e3 e5 6. d4 cxd4 7. exd4 exd4 8. Nbd2 Nge7 9. Nb3 O-O $146 ({RR} 9... Qb6 10. a4 a6 11. a5 Qa7 12. Re1 O-O 13. Bg5 Nf5 14. Qd2 d5 15. Qf4 h6 16. g4 hxg5 17. Nxg5 Nh6 18. h3 Qb8 19. Qd2 Qd6 20. Nc1 Bd7 21. Nd3 Rae8 22. Nf4 Qb4 23. Qd3 Rxe1+ 24. Rxe1 {Boyer,M (2489)-Grinev,V (2418) chess.com INT 2023 0-1 (31)}) 10. Nfxd4 d5 11. c3 Ne5 12. h3 Nc4 13. Re1 Nc6 14. a4 a6 15. Qd3 N6e5 16. Qc2 Bd7 17. Bf4 Bc6 18. a5 Re8 19. Re2 Rc8 20. Rae1 Ba4 21. Qb1 Qd7 22. Nc1 Bc6 23. b3 g5 24. Bxg5 Nxa5 25. Qf5 f6 26. Bd2 Qxf5 27. Nxf5 Bf8 28. c4 Nxb3 29. Nxb3 Nxc4 1-0

[Event "TCh-RUS Rapid 2024"]
[Site "Sochi RUS"]
[Date "2024.10.18"]
[Round "3.1"]
[White "Shimanov, A."]
[Black "Martirosyan, Haik M."]
[Result "1-0"]
[WhiteElo "2582"]
[BlackElo "2676"]
[PlyCount "69"]
[EventDate "2024.10.18"]
[EventType "rapid"]
[WhiteTeam "Shkola ShakhMatOff (Sverdlovskaya oblast)"]
[BlackTeam "Tsentral Park Tauer (Moskva)"]

1. Nf3 d5 2. b3 c5 3. e3 g6 4. Bb2 Nf6 5. Bb5+ Bd7 6. Bxf6 exf6 7. Bxd7+ Qxd7 8. d4 Nc6 9. O-O cxd4 10. Nxd4 Bc5 ({RR} 10... f5 11. Nc3 Bg7 12. Nce2 O-O 13. Qd2 Rfd8 14. Rad1 Nxd4 15. Nxd4 Rac8 16. Qe2 Qc7 17. g3 Bxd4 18. Rxd4 Qxc2 19. Rd2 Qe4 20. Rfd1 Rc5 21. Rd4 Qe6 22. Qf3 a5 23. R1d2 b5 24. Kg2 b4 25. h4 {Makarian,R (2547)-Samunenkov,I (2541) chess.com INT 2025 ½-½ (73)}) 11. Nc3 O-O $146 ({RR} 11... Bxd4 12. exd4 O-O 13. Qf3 Nxd4 14. Qd3 Nc6 15. Nxd5 Kg7 16. c4 Ne7 17. Rad1 Nxd5 18. Qxd5 Qxd5 19. Rxd5 Rad8 20. Rfd1 Rxd5 21. Rxd5 Re8 22. Kf1 Re7 23. g4 b6 24. a4 Kf8 25. Rd8+ Kg7 26. Rd6 {Adhiban,B (2589)-Vidit,S (2731) chess.com INT 2023 ½-½ (38)}) 12. Nce2 Rad8 13. Qd2 Rfe8 14. Rfd1 f5 15. c3 Bd6 16. Nf3 Qe7 17. Qc2 Bc7 18. Rd2 Rd7 19. Rad1 Red8 20. Rd3 Qf6 21. R1d2 Rd6 22. Qd1 Ne7 23. Nf4 R6d7 24. c4 Bxf4 25. exf4 Rd6 26. g3 Qe6 27. c5 R6d7 28. b4 a6 29. a4 Rc7 30. Qa1 Qd7 31. Re3 Re8 32. Rde2 Rcc8 33. Qf6 Rc6 34. Qxe7 Rxe7 35. Rxe7 1-0

[Event "TCh-RUS Rapid 2024"]
[Site "Sochi RUS"]
[Date "2024.10.19"]
[Round "9.17"]
[White "Shimanov, A."]
[Black "Rychagov, A."]
[Result "1-0"]
[WhiteElo "2582"]
[BlackElo "2543"]
[PlyCount "65"]
[EventDate "2024.10.18"]
[EventType "rapid"]
[WhiteTeam "Shkola ShakhMatOff (Sverdlovskaya oblast)"]
[BlackTeam "DYuSSh im. M. M. Botvinnika - 1 (Moskva)"]

1. Nf3 d5 2. b3 c5 3. e3 a6 4. Bb2 Nc6 5. d4 Nf6 6. dxc5 e6 7. a3 Bxc5 8. Nbd2 O-O 9. Bd3 Qe7 10. b4 Ba7 11. c4 Rd8 12. cxd5 $146 ({RR} 12. O-O e5 13. cxd5 Nxd5 14. Qc2 g6 15. Rac1 f6 16. Rfd1 Be6 17. Qb1 Rac8 18. h4 Bb8 19. h5 f5 20. hxg6 hxg6 21. Bc4 Kf8 22. g3 e4 23. Nh4 Bf7 24. Nf1 Nf6 25. Rxd8+ Rxd8 26. Bxa6 Ne5 {Fiala,V (2242)-Piesik,P (2426) Czech Republic CZE 2024 0-1 (76)}) ({RR} 12. Qb1 h6 13. O-O e5 14. cxd5 Rxd5 15. Ne4 Bg4 16. Bc4 Rd7 17. Ng3 Rad8 18. Nh4 Rd1 19. Qg6 Kf8 20. Raxd1 Bxd1 21. Ngf5 fxg6 22. Nxg6+ Ke8 23. Ngxe7 Nxe7 24. Nxg7+ Kd7 25. Rxd1+ Kc8 26. Be6+ Kc7 {Kourkoulos Arditis,S (2580)-Diao,M (2192) chess.com INT 2025 1-0}) 12... Nxd5 13. Qb1 h6 14. O-O e5 15. Nc4 Re8 16. Ncxe5 Nxe5 17. Nxe5 Bb8 18. Nf3 Bg4 19. Be2 Nxe3 20. Re1 Nxg2 21. Kxg2 Qc7 22. Qc1 Bxf3+ 23. Bxf3 Qxh2+ 24. Kf1 Ba7 25. Bg2 Red8 26. Re2 Rac8 27. Qe1 f6 28. Rd1 Rxd1 29. Qxd1 Qc7 30. Qd5+ Kh8 31. Qxb7 Qc4 32. Qxa7 Rd8 33. Bf3 1-0

[Event "Titled Tue 15th Oct Early"]
[Site "chess.com INT"]
[Date "2024.10.15"]
[Round "7"]
[White "Pranesh, M."]
[Black "Nihal, Sarin"]
[Result "1-0"]
[WhiteElo "2580"]
[BlackElo "2668"]
[PlyCount "133"]
[EventDate "2024.10.15"]

1. Nf3 d5 2. b3 Bf5 3. Bb2 e6 4. g3 Nf6 5. Bg2 h6 6. O-O Nbd7 7. d3 Be7 8. Nbd2 O-O 9. Qe1 Bh7 ({RR} 9... c6 10. e4 Bh7 11. Qe2 a5 12. a4 b5 13. exd5 Nxd5 14. Nd4 Qb6 15. axb5 Bf6 16. Nc4 Qc5 17. bxc6 N7b6 18. Nf3 Bxb2 19. Nxb2 Qxc6 20. c4 Nb4 21. Ne5 Qd6 22. Bxa8 Rxa8 23. Rfd1 f6 24. Nf3 {So,W (2753)-Shankland,S (2698) Berlin GER 2023 1-0 (45)}) 10. e4 a5 11. a3 Nc5 $146 ({RR} 11... c5 12. a4 Rc8 13. Ne5 Nxe5 14. Bxe5 Nd7 15. Bb2 Bf6 16. Bxf6 Nxf6 17. Qe2 Qb6 18. Kh1 Qb4 19. Rad1 Qc3 20. Nb1 Qb4 21. f3 Nd7 22. Qd2 Nb6 23. Nc3 c4 24. bxc4 Nxa4 25. Nxa4 Qxa4 26. Ra1 {Asadli,V (2478)-Sari,Y (2330) Ankara 2018 1-0 (99)}) ({RR} 11... a4 12. b4 c5 13. b5 Qa5 14. c4 dxe4 15. dxe4 Rfd8 16. Rc1 Ng4 17. h3 Bf6 18. Bxf6 Ngxf6 19. e5 Ne8 20. Qe3 Nf8 21. Qxc5 Rxd2 22. Nxd2 Qxd2 23. Bxb7 Rb8 24. Rfd1 Qa5 25. Bc6 Nc7 26. Qe7 {Deng,H (2336)-Mestnikov,A (2077) chess.com INT 2024 1-0 (36)}) 12. Ne5 c6 13. Kh1 Nfd7 14. f4 Nxe5 15. Bxe5 Re8 16. Qe3 Bf8 17. Bd4 Nd7 18. Nf3 c5 19. Bb2 a4 20. bxa4 Rxa4 21. exd5 exd5 22. Qd2 d4 23. Rae1 Ra6 24. c3 dxc3 25. Qxc3 b5 26. Qb3 Rxe1 27. Rxe1 c4 28. dxc4 Nc5 29. Rd1 Nd3 30. Rd2 bxc4 31. Qxc4 Rd6 32. Bd4 Qb8 33. h3 Be4 34. Kh2 Rc6 35. Qa2 Nc1 36. Qb2 Qxb2 37. Bxb2 Nd3 38. Ne5 Nxe5 39. Bxe4 Nc4 40. Bxc6 Nxd2 41. Bd5 Bc5 42. a4 Bb4 43. Kg2 Nb1 44. Bd4 Nc3 45. Bc6 Kf8 46. Bb6 Nxa4 47. Bxa4 Bc3 48. Kf3 Kg8 49. Be3 Be1 50. Bb3 Bc3 51. Ke4 Kf8 52. Bd4 Be1 53. g4 f6 54. Kf5 Bb4 55. Kg6 Bd6 56. f5 Ba3 57. Be3 Bb4 58. h4 Bd6 59. Bd2 Bc5 60. Bf4 Be7 61. Be3 Bd6 62. g5 hxg5 63. hxg5 Be7 64. gxf6 Bxf6 65. Bc5+ Ke8 66. Ba4+ Kd8 67. Bf8 1-0

[Event "Titled Tue 15th Oct Early"]
[Site "chess.com INT"]
[Date "2024.10.15"]
[Round "9"]
[White "Pranesh, M."]
[Black "Bortnyk, Olexandr"]
[Result "1-0"]
[WhiteElo "2580"]
[BlackElo "2603"]
[PlyCount "81"]
[EventDate "2024.10.15"]

1. Nf3 Nf6 2. b3 d5 3. Bb2 Bf5 4. g3 e6 5. Bg2 h6 6. O-O Be7 7. d3 O-O 8. Nbd2 Bh7 9. Qe1 ({RR} 9. Re1 a5 10. a3 Nbd7 11. e4 c6 12. Qe2 Qb6 13. e5 Ne8 14. h4 a4 15. b4 c5 16. Bc3 Nc7 17. bxc5 Bxc5 18. d4 Be7 19. Reb1 Qc6 20. Bb4 Bxb4 21. Rxb4 b5 22. Rc1 Rfb8 23. Qe3 Na6 {Radjabov,T (2765)-Ding,L (2791) chess24.com INT 2020 ½-½ (58)}) 9... Nfd7 ({RR} 9... a5 10. a4 c5 11. e4 Nc6 12. Qe2 Nb4 13. Ne1 d4 14. Nc4 Nd7 15. Nf3 Qc7 16. Bc1 Rae8 17. Bf4 Qd8 18. Nd6 e5 19. Nxe8 exf4 20. Nxg7 Kxg7 21. gxf4 Kh8 22. Kh1 Bd6 23. e5 Bc7 24. Rg1 {Blanco Diez,D (2274)-Jakubowski,K (2442) chess.com INT 2025 0-1 (51)}) ({RR} 9... a5 10. e4 a4 11. Rd1 c6 12. Kh1 Na6 13. Qe2 Nb4 14. a3 Nxc2 15. b4 c5 16. bxc5 Bxc5 17. Nb1 Nxa3 18. Nxa3 Qe7 19. Nb5 a3 20. Bxf6 Qxf6 21. d4 Bb4 22. Ne5 Rfd8 23. exd5 exd5 24. Rc1 {Pranesh,M (2580)-Bortnyk,O (2603) chess.com INT 2024 1-0 (37)}) 10. e4 c6 11. Qe2 $146 ({RR} 11. e5 c5 12. h4 Nc6 13. Qe2 Qc7 14. Rfe1 Rac8 15. a3 a5 16. c4 d4 17. Bc1 Rb8 18. Nf1 b5 19. Bf4 bxc4 20. bxc4 Rb3 21. Red1 Qb6 22. Ne1 Rb2 23. Rd2 Rxd2 24. Nxd2 Qc7 25. Nef3 Bf5 {Andersen,K (2295)-Pilgaard,K (2305) Copenhagen 1995 0-1 (55)}) 11... a5 12. a3 Na6 13. Rfe1 Bf6 14. d4 b5 15. c4 bxc4 16. bxc4 Nb6 17. Rac1 Na4 18. Ba1 Nc7 19. c5 Rb8 20. Qd1 Nb2 21. Qc2 Nc4 22. Nxc4 dxc4 23. Qxc4 Qd7 24. Bc3 Nb5 25. Bxa5 Nxa3 26. Qd3 Nb5 27. Red1 Ra8 28. Bb4 Rfd8 29. Qe3 Ra4 30. Qb3 Qa7 31. d5 Bxe4 32. dxe6 Rxd1+ 33. Rxd1 Bd5 34. Rxd5 cxd5 35. exf7+ Kxf7 36. Qxd5+ Kf8 37. Qc4 Ra1+ 38. Bf1 Nc7 39. c6+ Be7 40. Ne5 Bxb4 41. Qf7# 1-0

[Event "Titled Tue 15th Oct Early"]
[Site "chess.com INT"]
[Date "2024.10.15"]
[Round "10"]
[White "Indjic, A."]
[Black "Goryachkina, A."]
[Result "1-0"]
[WhiteElo "2620"]
[BlackElo "2533"]
[PlyCount "73"]
[EventDate "2024.10.15"]

1. Nf3 d5 2. e3 Nf6 3. c4 e6 4. Nc3 c5 5. cxd5 exd5 6. Bb5+ Nc6 7. d4 cxd4 8. exd4 Bd6 9. O-O O-O 10. Bg5 h6 ({RR} 10... Bg4 11. Be2 Be6 12. Re1 h6 13. Bh4 Re8 14. Bb5 g5 15. Bg3 Bxg3 16. hxg3 Bg4 17. Bxc6 bxc6 18. Qd3 Bxf3 19. gxf3 Qd6 20. Kg2 Nd7 21. Rxe8+ Rxe8 22. Rh1 Nf8 23. Qa6 Re7 24. Nd1 Qg6 25. Ne3 {Mamedyarov,S (2759)-Nepomniachtchi,I (2766) Zagreb 2022 1-0 (42)}) ({RR} 10... Bg4 11. Bxf6 Qxf6 12. Nxd5 Qh6 13. h3 Bxf3 14. Qxf3 Nxd4 15. Qd3 Nxb5 16. Qxb5 b6 17. Rad1 Rad8 18. Rd3 Qe6 19. Rfd1 Bc5 20. Nf4 Rxd3 21. Qxd3 Qe5 22. Qd2 Qg5 23. b4 Be7 24. Nd5 h6 25. Nxe7+ {Lukachewski Junior,W (2049)-Bizhigitov,Z (2276) chess.com INT 2025 1-0 (61)}) 11. Bxf6 ({RR} 11. Bh4 Bg4 12. Bxc6 bxc6 13. h3 Bxf3 14. Qxf3 Re8 15. Rfe1 g5 16. Rxe8+ Nxe8 17. Bg3 Bxg3 18. Qxg3 Qd6 19. Qd3 Ng7 20. Nd1 a5 21. Ne3 a4 22. Rc1 Rb8 23. Rc2 Rb6 24. g3 Qg6 25. Qd1 Ne6 {Indjic,A (2610)-Tari,A (2637) chess.com INT 2024 1-0 (55)}) 11... Qxf6 12. Nxd5 Qd8 $146 ({RR} 12... Qf5 13. Bxc6 bxc6 14. Ne3 Qf4 15. Qc1 Ba6 16. Nc4 Rfe8 17. Nxd6 Qxd6 18. Re1 Be2 19. Ne5 Qxd4 20. Nxc6 Qd6 21. Qc3 Rac8 22. Rac1 Kh8 23. Qc2 Bd3 24. Rxe8+ Rxe8 25. Qd1 Qg6 26. Nd4 Be4 27. f3 {Dzagnidze,N (2502)-Arabidze,M (2398) Vani 2019 0-1 (89)}) 13. Ne3 Bf4 14. Bxc6 bxc6 15. Rc1 Qd6 16. Rc3 Be6 17. Qc2 Rab8 18. Rxc6 Qd7 19. Rc3 a5 20. Rd1 Qb5 21. d5 Bd7 22. b3 a4 23. Rd4 Bxe3 24. fxe3 axb3 25. axb3 Rfe8 26. e4 Qb6 27. Qf2 Bg4 28. Rdc4 Qg6 29. Nd2 Qa6 30. h3 Bh5 31. Kh2 Bg6 32. Qf4 Ra8 33. Nf3 Qa1 34. Ne5 Ra6 35. Rc8 Rxc8 36. Rxc8+ Kh7 37. Nd7 1-0

[Event "Titled Tue 15th Oct Late"]
[Site "chess.com INT"]
[Date "2024.10.15"]
[Round "10"]
[White "Carlsen, M."]
[Black "Nihal, Sarin"]
[Result "1-0"]
[WhiteElo "2831"]
[BlackElo "2668"]
[PlyCount "67"]
[EventDate "2024.10.15"]

1. Nf3 d5 2. g3 Nc6 3. d4 Bf5 4. Nh4 Be4 ({RR} 4... Bg4 5. Bg2 e6 6. O-O Be7 7. h3 Bh5 8. Nf3 Nf6 9. c4 O-O 10. cxd5 exd5 11. Nc3 Ne4 12. Ne5 Nxe5 13. dxe5 Nxc3 14. bxc3 c6 15. f4 f6 16. g4 Bf7 17. exf6 Bc5+ 18. Kh2 Qxf6 19. Qd3 {Carlsen,M (2830)-Gukesh,D (2764) Warsaw POL 2024 1-0 (52)}) ({RR} 4... Bg4 5. h3 Bh5 6. Ng2 f6 7. Nf4 Bf7 8. c4 e6 9. cxd5 exd5 10. Nc3 Bb4 11. Bg2 Nge7 12. O-O O-O 13. Qb3 a5 14. Rd1 Qd7 15. Ncxd5 Kh8 16. Qf3 Nxd5 17. Nxd5 Rfd8 18. Nxb4 Nxb4 19. Bf4 {Carlsen,M (2833)-Kryakvin,D (2459) chess.com INT 2025 1-0 (49)}) 5. f3 Bg6 6. c4 e5 $146 ({RR} 6... e6 7. Nc3 Bb4 8. a3 Bxc3+ 9. bxc3 Na5 10. cxd5 exd5 11. e4 Qd7 12. Bg2 O-O-O 13. O-O Ne7 14. Rb1 Kb8 15. Qe2 c6 16. Qa6 Nc4 17. Bh3 Ka8 18. Bxd7 bxa6 19. Bg4 Nd6 20. Bf4 Nec8 21. Bxc8 {Beradze,I (2494)-Oberoi,S (2328) Charlotte USA 2022 1-0}) ({RR} 6... e6 7. Nc3 Nf6 8. cxd5 exd5 9. Nxg6 hxg6 10. Bg5 Be7 11. Bg2 Rh5 12. f4 Qd7 13. Bf3 Rxg5 14. fxg5 Ne4 15. Bxe4 dxe4 16. d5 Ne5 17. Qd4 f5 18. gxf6 gxf6 19. O-O-O b6 20. Qxe4 Bd6 21. Qa4 {Martinez Ramirez,L (2427)-Gatterer,F (2211) chess.com INT 2025 1-0 (55)}) 7. Nxg6 hxg6 8. dxe5 Bb4+ 9. Bd2 dxc4 10. Bxb4 Qxd1+ 11. Kxd1 Nxb4 12. Na3 O-O-O+ 13. Kc1 Ne7 14. h4 Kb8 15. Nxc4 Nf5 16. a3 Nxg3 17. Rg1 Rxh4 18. b3 Nxf1 19. axb4 Nh2 20. e6 fxe6 21. Kc2 b5 22. Ne5 Kb7 23. Nd3 Rd6 24. Rxg6 Rc6+ 25. Nc5+ Kb8 26. Rxg7 Rh8 27. Kc3 a5 28. Rxa5 Nf1 29. Rxb5+ Kc8 30. Ra5 Kb8 31. Rg1 Ne3 32. Rga1 Nd5+ 33. Kb2 Nb6 34. Nd7+ 1-0

[Event "24th ch-EUR Indiv 2024"]
[Site "Petrovac MNE"]
[Date "2024.11.19"]
[Round "11.20"]
[White "Keinanen, Toivo"]
[Black "Pichot, A."]
[Result "1-0"]
[WhiteElo "2541"]
[BlackElo "2649"]
[PlyCount "51"]
[EventDate "2024.11.08"]

1. Nf3 {Besenthal,Klaus Guenter} Nf6 2. g3 d5 3. Bg2 e6 4. O-O Be7 5. d3 O-O 6. Bf4 h6 ({RR} 6... Nc6 7. d4 b6 8. c4 Bb7 9. Nc3 Na5 10. cxd5 Nxd5 11. Nxd5 Bxd5 12. Qc2 Rc8 13. e4 Bb7 14. Rad1 Qd7 15. Ne5 Qb5 16. Rfe1 Rfd8 17. Bh3 Bb4 18. Re3 Bd6 19. d5 Bxe5 20. Bxe5 Nc4 21. Rb3 {Kramnik,V (2812)-Aronian,L (2792) Leuven 2016 CBM 173 [Besenthal,Klaus Guenter] 1-0 (36)}) 7. Re1 $146 ({RR} 7. c4 Nc6 8. Nc3 Nh5 9. cxd5 exd5 10. d4 Be6 11. Be3 f5 12. a3 Bd6 13. Nb5 f4 14. Nxd6 Qxd6 15. Bd2 Rae8 16. Bc3 Nf6 17. Ne5 Ng4 18. Nxc6 Qxc6 19. Bb4 fxg3 20. hxg3 Rf7 21. Qd3 Bf5 {Kosteniuk,A (2487)-Divya,D (2493) Kolkata IND 2024 0-1 (35)}) 7... c5 8. a4 Nc6 9. e4 dxe4 10. dxe4 Qxd1 11. Rxd1 g5 12. Be3 Nxe4 13. Nbd2 Nxd2 14. Nxd2 Nb4 15. Rac1 Nd5 16. Ne4 f5 17. Rxd5 exd5 18. Nxc5 Rd8 19. Nb3 d4 20. Bxd4 Be6 21. Re1 Kf7 22. Bc5 Bxc5 23. Nxc5 Bd5 24. Nxb7 Rd7 25. Rd1 Bc6 26. Nd6+ 1-0

[Event "100 Jahre NSV 2024"]
[Site "Wolfsburg GER"]
[Date "2024.11.20"]
[Round "8.2"]
[White "Meier, Geo"]
[Black "Moradiabadi, E."]
[Result "1-0"]
[WhiteElo "2603"]
[BlackElo "2515"]
[PlyCount "101"]
[EventDate "2024.11.16"]

1. Nf3 d5 2. g3 Nf6 3. Bg2 c6 4. O-O Bg4 5. c4 e6 6. cxd5 Bxf3 7. Bxf3 cxd5 8. d4 Nc6 9. e3 ({RR} 9. Nc3 Be7 10. b3 O-O 11. Bb2 Qa5 12. a3 Rfc8 13. e3 a6 14. b4 Qd8 15. Na4 Ne4 16. Nc5 Bxc5 17. dxc5 e5 18. Rc1 Rc7 19. Bxe4 dxe4 20. Qg4 Qd3 21. Rfd1 Qb3 22. Rd2 a5 23. bxa5 Qa4 {Nihal,S (2687)-Annaberdiev,M (2449) chess.com INT 2025 1-0 (37)}) 9... Rc8 $146 ({RR} 9... Be7 10. Nc3 O-O 11. Bd2 Ne8 12. Qe2 Nd6 13. Rfd1 Qd7 14. Rac1 Rac8 15. Kg2 Bf6 16. Be1 Ne7 17. b3 Rc7 18. Qb2 Rfc8 19. Ne2 Rxc1 20. Nxc1 Rc7 21. Nd3 Nc6 22. h4 Qc8 23. Nf4 Be7 24. Bg4 {Karjakin,S (2770)-Vitiugov,N (2738) Kazan 2014 ½-½ (41)}) ({RR} 9... Be7 10. Nc3 O-O 11. Qe2 Rc8 12. Rd1 Qd7 13. Bd2 Rfd8 14. Be1 Ne8 15. Rac1 f5 16. Bg2 Nf6 17. Na4 b6 18. Nc3 Na5 19. Nb1 Nc4 20. Rc2 g5 21. Rdc1 g4 22. Bf1 Ne4 23. b3 Ncd6 24. Qa6 {Rapport,R (2747)-Carlsen,M (2882) Saint Louis 2019 0-1 (35)}) 10. Nc3 Bb4 11. Bd2 O-O 12. Qb3 Qb6 13. a3 Bxc3 14. Qxb6 axb6 15. Bxc3 Ne4 16. Rfc1 Nxc3 17. Rxc3 Ne7 18. Rb3 Rc6 19. e4 Ra8 20. exd5 Nxd5 21. Bxd5 exd5 22. Re1 Kf8 23. Re5 Rd8 24. Rbe3 Rc7 25. h4 g6 26. h5 Kg7 27. Kg2 Rd6 28. Re7 Rdd7 29. Rxd7 Rxd7 30. g4 Kf8 31. hxg6 hxg6 32. Re5 Rd6 33. g5 b5 34. b3 b4 35. a4 b6 36. Kg3 f6 37. gxf6 Kf7 38. Kg4 Kxf6 39. f4 Rd8 40. Kf3 Kf7 41. Kg3 Rd7 42. Kg4 Rd6 43. Kg5 Rd8 44. f5 gxf5 45. Rxf5+ Ke7 46. Rf6 Rg8+ 47. Rg6 Rb8 48. Kf5 Rf8+ 49. Ke5 Rf3 50. Rxb6 Rxb3 51. Kxd5 1-0

[Event "Titled Tue 19th Nov Early"]
[Site "chess.com INT"]
[Date "2024.11.19"]
[Round "9"]
[White "Sonis, Francesco"]
[Black "Peng, Li Min"]
[Result "1-0"]
[WhiteElo "2558"]
[BlackElo "2516"]
[PlyCount "89"]
[EventDate "2024.11.19"]

1. Nf3 d5 2. e3 Nf6 3. c4 e6 4. b3 Bd6 5. Bb2 a6 6. g3 b6 7. Bg2 Bb7 8. O-O Nbd7 9. cxd5 exd5 10. Nc3 O-O 11. Rc1 Re8 12. Re1 ({RR} 12. Ne2 Rc8 13. Ned4 c5 14. Nf5 Bf8 15. d4 g6 16. N5h4 c4 17. Ne5 b5 18. f4 Nxe5 19. fxe5 Ne4 20. Bxe4 dxe4 21. bxc4 Rxc4 22. Rxc4 bxc4 23. Bc3 Bd5 24. Ng2 Bh6 25. Qa4 Re6 26. h4 Rc6 {Lupulescu,C (2656)-Braun,A (2609) Tornelo INT 2021 1-0 (31)}) 12... c5 13. d4 Ne4 $146 ({RR} 13... c4 14. a4 Rc8 15. Nd2 Qc7 16. bxc4 dxc4 17. Nxc4 Bxg2 18. Nxd6 Qxd6 19. Kxg2 b5 20. axb5 axb5 21. Qb3 b4 22. Ne2 Ne4 23. f3 Ng5 24. Nf4 Nf6 25. e4 Rxc1 26. Rxc1 Qa6 27. Qc4 Qa8 28. d5 {Sonis,F (2558)-Sowinski,P (2447) chess.com INT 2024 1-0 (34)}) 14. dxc5 Nxc3 15. Bxc3 bxc5 16. Nh4 Nb6 17. Nf5 Bf8 18. Ba1 g6 19. Nh4 Rc8 20. Qd2 Bg7 21. Bxg7 Kxg7 22. Rxc5 Rxc5 23. Qd4+ Qf6 24. Qxc5 Rc8 25. Qb4 Rc2 26. Nf3 Rxa2 27. Rf1 d4 28. Qxd4 Bxf3 29. Qxf6+ Kxf6 30. Bxf3 Rb2 31. Ra1 Rxb3 32. Rxa6 Kg7 33. Ra7 Rd3 34. Rb7 Nd7 35. Be2 Rd2 36. Kf1 Nc5 37. Rc7 Ne4 38. f3 Nd6 39. e4 Kf6 40. Kf2 Rb2 41. Ke3 Ke6 42. f4 Nxe4 43. Bc4+ Kd6 44. Rxf7 Nf2 45. Be2 1-0

[Event "Titled Tue 19th Nov Late"]
[Site "chess.com INT"]
[Date "2024.11.19"]
[Round "5"]
[White "Vogel, Roven"]
[Black "Bluebaum, M."]
[Result "1-0"]
[WhiteElo "2558"]
[BlackElo "2654"]
[PlyCount "105"]
[EventDate "2024.11.19"]

1. Nf3 d5 2. e3 e6 3. c4 Nf6 4. d4 Bd6 5. b3 O-O 6. Bb2 b6 7. Bd3 Bb7 8. O-O Nbd7 9. Nc3 a6 10. Ne2 dxc4 11. Bxc4 b5 12. Bd3 c5 13. Ng3 Qe7 $146 ({RR} 13... cxd4 14. Nxd4 Ne5 15. Be2 Qb6 16. Rc1 Rad8 17. Qc2 Rd7 18. Rfd1 Qd8 19. Nf3 Neg4 20. Ng5 h6 21. Bxg4 hxg5 22. Bf3 Bxf3 23. gxf3 Nd5 24. Qe4 Qe7 25. Qg4 f5 26. Qh5 Ba3 27. Bxa3 Qxa3 28. Qg6 {Danner,G (2341)-Diermair,A (2501) Austria 2018 ½-½}) 14. Qe2 Rfd8 15. Rfd1 Rac8 16. a4 cxd4 17. Nxd4 bxa4 18. Ndf5 exf5 19. Nxf5 Bxh2+ 20. Kxh2 Qe6 21. Rxa4 Ne5 22. Bb1 h5 23. Rad4 Rxd4 24. Nxd4 Neg4+ 25. Kg1 Qe5 26. g3 Qg5 27. Nf3 Qc5 28. Nd4 h4 29. f3 Qc7 30. Nf5 Ne5 31. e4 hxg3 32. Qg2 Ng6 33. Qxg3 Qb6+ 34. Qf2 Qxb3 35. Rd2 Nh5 36. Kh2 Rb8 37. Ba2 Qb4 38. Rd4 Qb5 39. Rd6 Nhf4 40. Bxg7 Bxe4 41. fxe4 Qb4 42. Rf6 Qa3 43. Bxf7+ Kh7 44. Bxg6+ Nxg6 45. Rxg6 Kxg6 46. Qg2+ Kf7 47. Be5 Rf8 48. Qg7+ Ke8 49. Nd6+ Kd8 50. Qxf8+ Kd7 51. Qf7+ Kc6 52. Qd5+ Kd7 53. Nc4+ 1-0

[Event "Titled Tue 19th Nov Late"]
[Site "chess.com INT"]
[Date "2024.11.19"]
[Round "6"]
[White "Firouzja, Alireza"]
[Black "Le, Quang Liem"]
[Result "1-0"]
[WhiteElo "2763"]
[BlackElo "2739"]
[PlyCount "53"]
[EventDate "2024.11.19"]

1. Nf3 d5 2. g3 Nf6 3. Bg2 e6 4. O-O Be7 5. d3 O-O 6. Nbd2 c5 7. e4 Nc6 8. Re1 Qc7 9. c3 b5 10. Nf1 Bb7 11. e5 Nd7 12. Bf4 a5 ({RR} 12... Rfc8 13. h4 Qd8 14. h5 h6 15. N1h2 a5 16. Ng4 Bf8 17. Qd2 Ne7 18. Nh4 Kh7 19. d4 c4 20. Bf3 Ng8 21. Bd1 Be7 22. Bc2+ Kh8 23. Nf3 Nf8 24. Rad1 b4 25. Kg2 Nh7 26. Bb1 Ba6 27. Qc2 {Matko,O (2264)-Cubric,A (1993) Veli Losinj CRO 2024 1-0 (54)}) 13. h4 b4 ({RR} 13... a4 14. a3 Nb6 15. N1h2 Rfd8 16. Ng4 Qc8 17. Ng5 Nd7 18. d4 Nf8 19. Be3 cxd4 20. cxd4 Rd7 21. h5 Qd8 22. Nh3 Na5 23. Nh6+ gxh6 24. Qg4+ Ng6 25. Bxh6 Bf8 26. Bg5 Qe8 27. hxg6 hxg6 28. Bf6 {Kogan,A (2483)-Dervishi,E (2478) Cutro 2000 1-0 (32)}) 14. N1h2 bxc3 $146 ({RR} 14... Rfe8 15. Ng5 h6 16. Nh3 Nb6 17. Qh5 Bf8 18. Ng4 Nd7 19. Kh2 Qd8 20. Rad1 Ne7 21. d4 cxd4 22. cxd4 Nf5 23. Ne3 g6 24. Qf3 Nb6 25. Ng4 Nd7 26. Qe2 Kh7 27. Rh1 Bg7 28. Ne3 Nb6 29. Nxf5 {Van Weersel,A (2155)-Allaert,D (1991) Brasschaat 2006 0-1 (50)}) 15. bxc3 Rfb8 16. Ng4 Bf8 17. d4 Ba6 18. Ng5 h6 19. Nxf7 Kxf7 20. Bxd5 Nb6 21. Nxh6+ gxh6 22. Qh5+ Ke7 23. Bxe6 Kxe6 24. Qg6+ Kd5 25. e6 Qxf4 26. e7 Qd6 27. Qg8+ 1-0